[Event "AUTO-ADV-3354"]
[Site "http://www.queenalice.com/game.php?id=1341474"]
[Date "2015.2.13"]
[Round "1"]
[White "Chessdorf"]
[Black "Betim_Xadrez"]
[Result "1-0"]
[WhiteElo "1863"]
[BlackElo "1794"]

1. d4 Nf6 2. c4 e6 3. Nf3 b6 4. e3 Bb7 5. Bd3 c5 6. O-O Be7 7. Nc3 cxd4 8. Nxd4
O-O 9. b3 d5 10. Bd2 Nc6 11. Nxc6 Bxc6 12. cxd5 Nxd5 13. Qc2 Nxc3 14. Bxc3 Qd5
15. f3 Rfd8 16. Rfd1 Qg5 17. f4 Qg4 18. h3 Qg3 19. Be1 Qxe3+ 20. Bf2 Qxf4 21.
Qxc6 Bd6 22. Rac1 h6 23. Rc4 Qh2+ 24. Kf1 Bg3 25. Bg1 Qh1 26. Ke2 g6 27. Bxb6
Qh2 28. Bg1 Rxd3 29. Bxh2 Rxd1 30. Kxd1 Bxh2 31. Qxa8+ Kg7 32. Qxa7 Kf6 33. Qf2+
Kg7 34. Qd4+ e5 35. Qd7 h5 36. Rc7 e4 37. Qxf7+ Kh6 38. Qh7+ Kg5 39. Rc5+ Kh4
40. Qe7+ g5 41. Qxe4+ Bf4 42. Qe1+ Bg3 43. Rc4+ 1-0

[Event "AUTO-ADV-3354"]
[Site "http://www.queenalice.com/game.php?id=1341479"]
[Date "2015.2.13"]
[Round "1"]
[White "jova21"]
[Black "Chessdorf"]
[Result "0-1"]
[WhiteElo "1863"]
[BlackElo "1855"]

1. e4 e6 2. d4 d5 3. exd5 exd5 4. Nf3 Bg4 5. Be2 Bd6 6. O-O Ne7 7. Re1 O-O 8. c4
dxc4 9. Qc2 Nd7 10. Bxc4 Ng6 11. Nbd2 Nb6 12. Bb3 Qd7 13. Nc4 Nxc4 14. Bxc4 Rfe8
15. Bd2 Rad8 16. Bd3 Bxf3 17. Rxe8+ Rxe8 18. gxf3 Qh3 19. f4 Bxf4 20. Bxf4 Nxf4
21. f3 Qxf3 22. Rf1 Nh3# 0-1

[Event "AUTO-ADV-3354"]
[Site "http://www.queenalice.com/game.php?id=1341480"]
[Date "2015.2.13"]
[Round "1"]
[White "Chessdorf"]
[Black "jova21"]
[Result "0-1"]
[WhiteElo "1876"]
[BlackElo "1847"]

1. d4 d5 2. c4 Nf6 3. cxd5 Nxd5 4. Nf3 Nc6 5. e4 Nb6 6. d5 Nb8 7. Nc3 Bg4 8. Be2
e6 9. O-O exd5 10. exd5 Be7 11. Bf4 O-O 12. h3 Bh5 13. Rc1 N8d7 14. Qc2 Nf6 15.
Rfd1 Bd6 16. Bxd6 cxd6 17. g4 Bg6 18. Bd3 Bxd3 19. Rxd3 Rc8 20. Qd1 Qd7 21. Rc2
Rfe8 22. Re2 Rxe2 23. Qxe2 Re8 24. Qd2 Ne4 25. Nxe4 Rxe4 26. Ng5 Re8 27. b3 h6
28. Nf3 Qd8 29. Re3 Rxe3 30. Qxe3 Nxd5 31. Qxa7 Qd7 32. Qd4 Ne7 33. Nd2 Nc6 34.
Qe3 Ne5 35. Qb6 Nxg4 36. hxg4 Qxg4+ 37. Kf1 Qd1+ 38. Kg2 Qxd2 39. a4 Qg5+ 40.
Kf1 Qe7 41. b4 d5 42. Qb5 d4 43. a5 Qe4 44. Qd7 d3 45. Qa4 Qh1# 0-1

[Event "AUTO-ADV-3392"]
[Site "http://www.queenalice.com/game.php?id=1353247"]
[Date "2015.4.13"]
[Round "1"]
[White "Chessdorf"]
[Black "Herivelto"]
[Result "1-0"]
[WhiteElo "1897"]
[BlackElo "1896"]

1. d4 Nf6 2. c4 g6 3. Nc3 Bg7 4. e4 d6 5. Nf3 O-O 6. Be2 Nbd7 7. Be3 Ng4 8. Bd2
e5 9. d5 f5 10. Ng5 Ndf6 11. exf5 gxf5 12. h3 Nh6 13. g4 fxg4 14. hxg4 Nfxg4 15.
f3 Nf6 16. Qc2 Nf5 17. O-O-O h6 18. Nge4 Nd4 19. Qd3 Bf5 20. Bxh6 Kf7 21. Rdg1
Rg8 22. Rg5 Bxh6 23. Rxh6 Nxe2+ 24. Qxe2 Nxe4 25. Rxf5+ Ke7 26. Nxe4 Rg1+ 27.
Kd2 Qg8 28. Re6+ Kd8 29. Qe3 Rg2+ 30. Kc3 Kc8 31. Nxd6+ cxd6 32. Rxd6 Qg7 33.
Rxe5 Kc7 34. Re6 Rd8 35. Re7+ 1-0

[Event "AUTO-ADV-3392"]
[Site "http://www.queenalice.com/game.php?id=1353248"]
[Date "2015.4.13"]
[Round "1"]
[White "Herivelto"]
[Black "Chessdorf"]
[Result "0-1"]
[WhiteElo "1897"]
[BlackElo "1898"]

1. e4 e6 2. d4 d5 3. e5 c5 4. c3 Nc6 5. Nf3 Bd7 6. Bd3 Rc8 7. O-O cxd4 8. cxd4
Nb4 9. Be2 Nc2 10. Bg5 Qb6 11. b3 Nxa1 12. Bd3 Bb5 13. Bxb5+ Qxb5 14. a4 Qxb3
15. Qe2 Qxa4 16. Nfd2 Bb4 17. f4 Ne7 18. Qg4 Ng6 19. f5 exf5 20. Qxf5 O-O 21. e6
fxe6 22. Qxe6+ Kh8 23. Nf3 Qc6 24. Qxc6 Rxc6 25. Nbd2 Nc2 26. Nb3 Na3 27. Nc5
Bxc5 28. dxc5 Rxc5 29. Be3 Ra5 30. Ra1 b6 31. Bc1 Nc4 32. Rb1 Rc5 33. Ng5 Rf6
34. Nf3 Nce5 35. Ng5 h6 36. Nh3 Rc2 37. Be3 Nc4 38. Bd4 Re6 39. Nf2 Ree2 40. g3
Nge5 0-1

[Event "AUTO-ADV-3392"]
[Site "http://www.queenalice.com/game.php?id=1353249"]
[Date "2015.4.13"]
[Round "1"]
[White "Chessdorf"]
[Black "Paulsains"]
[Result "0-1"]
[WhiteElo "1906"]
[BlackElo "1945"]

1. d4 Nf6 2. c4 g6 3. Nc3 Bg7 4. e4 d6 5. Nf3 O-O 6. Be2 b6 7. O-O Bb7 8. Qc2
Nbd7 9. Rd1 Re8 10. Bg5 h6 11. Be3 Ng4 12. Bc1 c5 13. d5 Nge5 14. Be3 e6 15. a3
Ng4 16. Bc1 exd5 17. cxd5 Nge5 18. Bf4 Nxf3+ 19. Bxf3 Nf6 20. Qd2 g5 21. Bg3 Nh7
22. Nb5 Be5 23. Bxe5 Rxe5 24. Re1 Ba6 25. Nc3 Qf6 26. a4 Qg6 27. a5 b5 28. Nd1
Nf6 29. Qe3 Rae8 30. b3 Nxe4 31. Bxe4 Rxe4 32. Qd2 Rxe1+ 0-1

[Event "AUTO-ADV-3392"]
[Site "http://www.queenalice.com/game.php?id=1353250"]
[Date "2015.4.13"]
[Round "1"]
[White "Paulsains"]
[Black "Chessdorf"]
[Result "1-0"]
[WhiteElo "1940"]
[BlackElo "1913"]

1. e4 e6 2. Nf3 d5 3. exd5 exd5 4. Be2 Bd6 5. O-O Ne7 6. d4 Nbc6 7. Nc3 Bf5 8.
Be3 Qd7 9. Qd2 a6 10. a3 h6 11. b4 b5 12. Nh4 Bh7 13. Bf3 Qe6 14. Rfe1 O-O-O 15.
Bg5 hxg5 16. Rxe6 fxe6 17. Qxg5 Rdg8 18. Qg4 Bf5 19. Nxf5 Nxf5 20. g3 Ncxd4 21.
Rc1 g5 22. Bg2 Be5 23. Qd1 Rh6 24. Qe1 Nc6 25. h3 g4 26. h4 Bd6 27. Ne2 Nce7 28.
Qd2 Rh5 29. Nf4 Rh6 30. Re1 Kd7 31. Nd3 Ng6 32. Nc5+ Bxc5 33. bxc5 Re8 34. Bxd5
exd5 35. Qxd5+ Nd6 36. Rxe8 Kxe8 37. cxd6 cxd6 38. Qxd6 1-0

[Event "AUTO-ADV-3392"]
[Site "http://www.queenalice.com/game.php?id=1353251"]
[Date "2015.4.13"]
[Round "1"]
[White "Chessdorf"]
[Black "APSHOOTER"]
[Result "1-0"]
[WhiteElo "1906"]
[BlackElo "1670"]

1. d4 b6 2. c4 Bb7 3. Nc3 g6 4. e4 Bg7 5. Nf3 d6 6. Be2 Nd7 7. O-O Bh6 8. d5 Ne5
9. Nxe5 dxe5 10. b3 Bxc1 11. Qxc1 Nf6 12. Qe3 a6 13. f4 exf4 14. Rxf4 Qd6 15.
Raf1 Qe5 16. Nd1 Bc8 17. Nf2 h5 18. h4 Bd7 19. Nd3 Qb2 20. Nxb2 Bg4 21. Bxg4
hxg4 22. Rxf6 exf6 23. Rxf6 Rxh4 24. Qg5 Rh5 25. Qxg4 Ke7 26. Qf4 Rah8 27. Rxf7+
Ke8 28. Qxc7 Rh1+ 29. Kf2 1-0

[Event "AUTO-ADV-3392"]
[Site "http://www.queenalice.com/game.php?id=1353252"]
[Date "2015.4.13"]
[Round "1"]
[White "APSHOOTER"]
[Black "Chessdorf"]
[Result "0-1"]
[WhiteElo "1627"]
[BlackElo "1892"]

1. e4 e6 2. d4 d5 3. e5 c5 4. Bb5+ Bd7 5. Nc3 Bxb5 6. Nxb5 Qa5+ 7. Nc3 cxd4 8.
Qxd4 Nc6 9. Qa4 Qxa4 10. Nxa4 Nxe5 11. Bf4 Ng6 12. Ne2 Nxf4 13. Nxf4 Bd6 14. Nd3
Nf6 15. f3 O-O 16. O-O-O b5 17. Nac5 Rfc8 18. b4 Rc7 19. f4 Nd7 20. Nxd7 Rxd7
21. c3 Rc8 22. Kd2 Be7 23. Ne5 Rdc7 24. Rc1 Bf6 25. g4 Bxe5 26. fxe5 Rc4 27. h3
Re4 28. Rce1 Rcc4 29. Rxe4 Rxe4 30. Re1 Rf4 31. a3 Rf3 32. Rh1 Rf2+ 33. Ke3 Ra2
34. Kd4 Rxa3 35. Kc5 Rxc3+ 36. Kxb5 Ra3 37. Rc1 h6 38. h4 Rg3 39. Ka6 Rxg4 40.
Rc8+ Kh7 41. b5 d4 42. Kxa7 d3 43. Rd8 Rb4 44. Rxd3 Rxb5 45. Rd7 Rxe5 46. Rxf7
Rh5 47. Re7 Rxh4 48. Rxe6 g6 49. Re7+ Kg8 50. Kb7 g5 51. Kc7 Rf4 52. Kd7 Rf7 0-1

[Event "AUTO-ADV-3343"]
[Site "http://www.queenalice.com/game.php?id=1353574"]
[Date "2015.4.14"]
[Round "2"]
[White "Chessdorf"]
[Black "Corvidae"]
[Result "1-0"]
[WhiteElo "1873"]
[BlackElo "1892"]

1. d4 Nf6 2. c4 e6 3. Nf3 b6 4. e3 Bb7 5. Bd3 d5 6. cxd5 Bxd5 7. Nc3 Bb4 8. Qa4+
Nc6 9. O-O Bxc3 10. bxc3 Qd6 11. Ba3 Qd7 12. Bb5 Kd8 13. c4 Bxf3 14. gxf3 a5 15.
Bxc6 Qc8 16. Bxa8 Qxa8 17. e4 Nh5 18. Rfd1 Nf4 19. Rd2 1-0

[Event "AUTO-ADV-3343"]
[Site "http://www.queenalice.com/game.php?id=1353575"]
[Date "2015.4.14"]
[Round "2"]
[White "Corvidae"]
[Black "Chessdorf"]
[Result "0-1"]
[WhiteElo "1891"]
[BlackElo "1890"]

1. d4 Nf6 2. c4 g6 3. Nc3 Bg7 4. e4 d6 5. h3 O-O 6. Bg5 Na6 7. a3 c5 8. d5 Qa5
9. Bd2 Nd7 10. Nce2 Qb6 11. Rb1 f5 12. Bc3 fxe4 13. Bxg7 Kxg7 14. Nf4 Rxf4 15.
Ne2 Rf6 16. Ng3 Ne5 17. Nxe4 Bf5 18. f3 Bxe4 19. fxe4 Raf8 20. Be2 Nb8 21. Rf1
Nbd7 22. Rxf6 Nxf6 23. Bf3 Nxc4 24. Qc1 Ne5 25. Qc3 Kg8 26. Be2 Nxe4 27. Qc1
Qa5+ 28. Kd1 Nf2+ 29. Kc2 c4 30. Qe1 Qxd5 0-1

[Event "AUTO-ADV-3343"]
[Site "http://www.queenalice.com/game.php?id=1353576"]
[Date "2015.4.14"]
[Round "2"]
[White "Chessdorf"]
[Black "cerebro"]
[Result "0-1"]
[WhiteElo "1938"]
[BlackElo "1922"]

1. d4 e6 2. c4 Bb4+ 3. Nd2 Nh6 4. a3 Bxd2+ 5. Bxd2 Qf6 6. Nf3 O-O 7. e3 d6 8.
Bd3 d5 9. cxd5 exd5 10. Qc2 Nc6 11. O-O Bf5 12. Bxf5 Nxf5 13. b4 Nce7 14. Qxc7
Ng6 15. Qxb7 Ngh4 16. Nxh4 Nxh4 17. Qxd5 Rad8 18. Qc4 Qg6 19. Qc6 Qxc6 0-1

[Event "AUTO-ADV-3343"]
[Site "http://www.queenalice.com/game.php?id=1353577"]
[Date "2015.4.14"]
[Round "2"]
[White "cerebro"]
[Black "Chessdorf"]
[Result "1-0"]
[WhiteElo "1939"]
[BlackElo "1921"]

1. e4 e6 2. Nf3 d5 3. e5 c5 4. Bb5+ Bd7 5. Na3 Qb6 6. Bxd7+ Nxd7 7. O-O f6 8.
exf6 Ngxf6 9. d4 cxd4 10. Nxd4 Bc5 11. Be3 Qxb2 12. Nab5 Qb4 13. Nc7+ Kf7 14.
Nxa8 Rxa8 15. Rb1 Qa5 16. Rxb7 Qxa2 17. Bg5 Bxd4 18. Qxd4 Qxc2 19. Bxf6 gxf6 20.
Rxd7+ Kg6 21. Qg4+ Kh6 22. Qh4+ Kg6 23. Qxh7+ 1-0

[Event "AUTO-ADV-3343"]
[Site "http://www.queenalice.com/game.php?id=1353578"]
[Date "2015.4.14"]
[Round "2"]
[White "Chessdorf"]
[Black "ErasmudoPorto"]
[Result "0-1"]
[WhiteElo "1914"]
[BlackElo "2155"]

1. d4 d5 2. c4 Bf5 3. cxd5 Bxb1 4. Rxb1 Qxd5 5. Qa4+ Qd7 6. Qb3 Nc6 7. e3 e6 8.
Nf3 Na5 9. Qc2 Bd6 10. Bd2 Nc6 11. Bd3 Nf6 12. O-O O-O 13. Ng5 g6 14. f4 Nd5 15.
a3 Be7 16. b4 Bxg5 17. fxg5 Nce7 18. e4 Nb6 19. Be3 a6 20. e5 Nbd5 21. Bf2 Rac8
22. Rbc1 c6 23. Be4 Rfd8 24. Qd3 Nf4 25. Qe3 Ned5 26. Qd2 Qe7 27. Bxd5 Nxd5 28.
Rfe1 Nb6 29. h4 Rd5 30. Re4 Rcd8 31. Rd1 Nc4 32. Qa2 Nxe5 33. Qa1 Nc4 34. Qc3 b5
35. Ra1 Qc7 36. Bg3 Qa7 37. Rd1 a5 38. Bf2 axb4 39. Qxb4 Qxa3 40. Qxa3 Nxa3 41.
Rc1 Nc4 0-1

[Event "AUTO-ADV-3343"]
[Site "http://www.queenalice.com/game.php?id=1353579"]
[Date "2015.4.14"]
[Round "2"]
[White "ErasmudoPorto"]
[Black "Chessdorf"]
[Result "0-1"]
[WhiteElo "2142"]
[BlackElo "1913"]

1. e4 e6 2. d4 d5 3. e5 c5 4. c3 Nc6 5. Nf3 Bd7 6. Nbd2 cxd4 7. cxd4 Qb6 8. Bd3
Nxd4 9. O-O Bc5 10. Ng5 Ne7 11. Qh5 O-O-O 12. Nxf7 Ng6 13. Bxg6 hxg6 14. Qxg6
Be8 15. Qxg7 Bxf7 16. Qxf7 Rdf8 17. Qg6 Rhg8 18. Qd3 Nc6 19. Nf3 Rf5 20. Be3
Rxf3 0-1

[Event "AUTO-ADV-3412"]
[Site "http://www.queenalice.com/game.php?id=1359463"]
[Date "2015.5.14"]
[Round "1"]
[White "elisangela"]
[Black "Chessdorf"]
[Result "1-0"]
[WhiteElo "1722"]
[BlackElo "1919"]

1. e3 e6 2. a3 d5 3. b4 Nf6 4. Bb2 Bd6 5. h3 Bd7 6. Nf3 O-O 7. Bd3 c5 8. g4 Nc6
9. bxc5 Bxc5 10. c4 Qb6 11. Qc2 Rac8 12. g5 Ne4 13. Ra2 Nd6 14. cxd5 exd5 15.
Bxh7+ Kh8 16. h4 f5 17. gxf6 gxf6 18. Rg1 Rf7 19. Qg6 Rcf8 20. Bxf6+ Rxf6 21.
Qg7# 1-0

[Event "AUTO-ADV-3412"]
[Site "http://www.queenalice.com/game.php?id=1359464"]
[Date "2015.5.14"]
[Round "1"]
[White "Chessdorf"]
[Black "elisangela"]
[Result "1-0"]
[WhiteElo "1895"]
[BlackElo "1801"]

1. d4 h6 2. e4 a6 3. c4 e6 4. Nc3 Bb4 5. Bd2 Qh4 6. g3 Qe7 7. Nf3 Nf6 8. Qc2 O-O
9. Bg2 d6 10. O-O Bxc3 11. Bxc3 d5 12. a3 a5 13. b4 b6 14. bxa5 bxa5 15. a4 Ba6
16. Rfc1 Bxc4 17. Nd2 Ra6 18. Nxc4 dxc4 19. e5 Nd5 20. Bb2 Rc6 21. Bc3 Ra6 22.
Bd2 c3 23. Bxc3 Rc6 24. Qd2 Rxc3 25. Rxc3 Nxc3 26. Qxc3 Qb4 27. Qxb4 axb4 28.
Bb7 Rd8 29. Rd1 c5 30. d5 f5 31. f4 Kf8 32. d6 Nd7 33. Bc6 Nb8 34. Bb5 g5 35.
Rc1 Nd7 36. Bxd7 Rxd7 37. Rxc5 Ra7 38. Rb5 Ke8 39. Rxb4 1-0

[Event "AUTO-ADV-3412"]
[Site "http://www.queenalice.com/game.php?id=1359479"]
[Date "2015.5.14"]
[Round "1"]
[White "Canaye"]
[Black "Chessdorf"]
[Result "0-1"]
[WhiteElo "1867"]
[BlackElo "1908"]

1. d4 Nf6 2. c4 g6 3. Nc3 Bg7 4. e4 d6 5. f3 O-O 6. Bg5 c5 7. d5 e6 8. Bd3 h6 9.
Be3 exd5 10. cxd5 a6 11. Qd2 Kh7 12. Nge2 Nbd7 13. g4 Ng8 14. h4 b5 15. Ng3 Ne5
16. Be2 b4 17. Nd1 Bd7 18. Nf2 a5 19. f4 Nxg4 20. Nxg4 a4 21. f5 h5 22. fxg6+
fxg6 23. Nf2 a3 24. Rb1 axb2 25. Rxb2 Bxb2 26. Qxb2 Nf6 27. O-O Ra3 28. Qd2 Qa5
29. Ra1 Ra8 30. Bc4 Bb5 31. Bxb5 Qxb5 32. Ne2 Qc4 33. Nc1 Nxe4 34. Nxe4 Qxe4 35.
Bg5 Qg4+ 36. Qg2 Rg3 37. Qxg3 Qxg3+ 38. Kh1 Qf3+ 39. Kg1 Qxd5 40. Ne2 Rxa2 41.
Re1 Qf3 42. Rf1 Qxe2 43. Rf7+ Kg8 0-1

[Event "AUTO-ADV-3412"]
[Site "http://www.queenalice.com/game.php?id=1359480"]
[Date "2015.5.14"]
[Round "1"]
[White "Chessdorf"]
[Black "Canaye"]
[Result "1/2-1/2"]
[WhiteElo "1922"]
[BlackElo "1895"]

1. d4 e6 2. c4 d5 3. Nf3 c5 4. cxd5 Qxd5 5. Nc3 Qd8 6. e3 Nc6 7. Bd3 Nf6 8. O-O
Be7 9. Ne2 O-O 10. b3 b6 11. Bb2 Bb7 12. Qc2 Nb4 13. Qb1 Nxd3 14. Qxd3 Bxf3 15.
gxf3 Nh5 16. Ng3 Nf6 17. Rfd1 cxd4 18. Bxd4 Qd5 19. Qe2 Qg5 20. f4 Qg6 21. Rac1
h5 22. h4 Ne4 23. Qxh5 Nxg3 24. Qxg6 Ne2+ 25. Kf1 fxg6 26. Kxe2 Bxh4 27. Rc7 Rf7
28. Rdc1 Bf6 29. Bxf6 gxf6 30. Kf3 Kg7 31. R1c6 Rxc7 32. Rxc7+ Kh6 33. Re7 a5
34. Rxe6 a4 35. Rxb6 axb3 36. axb3 f5 37. Ke2 Ra2+ 38. Kf3 Rb2 39. b4 Kg7 40.
Rb7+ Kf8 41. Rb6 Kg7 42. Kg2 Rb3 43. Kf1 Rb1+ 44. Ke2 Rb2+ 45. Kd3 Rxf2 46. Kc4
Rc2+ 47. Kb5 Rc8 48. Ka6 Ra8+ 49. Kb7 Re8 50. b5 Rxe3 51. Rc6 Re4 52. b6 Rxf4
53. Kc7 Rb4 54. b7 Kh6 55. Rb6 Rc4+ 56. Kb8 f4 57. Ka7 Ra4+ 58. Ra6 Rb4 59. b8=Q
Rxb8 60. Kxb8 Kh5 61. Rf6 g5 62. Kc7 Kg4 63. Kd6 Kg3 64. Ke5 f3 65. Ke4 g4 66.
Ke3 Kg2 67. Rf4 Kg3 68. Rf5 Kg2 69. Rf4 1/2-1/2

[Event "AUTO-ADV-3412"]
[Site "http://www.queenalice.com/game.php?id=1359491"]
[Date "2015.5.14"]
[Round "1"]
[White "Chessdorf"]
[Black "TITAN10"]
[Result "0-1"]
[WhiteElo "1934"]
[BlackElo "1850"]

1. d4 Nf6 2. c4 e6 3. Nf3 c5 4. d5 d6 5. Nc3 Be7 6. e4 exd5 7. cxd5 Bg4 8. Be2
a6 9. O-O O-O 10. Be3 Nbd7 11. a4 Rb8 12. h3 Bh5 13. Nh2 Bxe2 14. Qxe2 b6 15.
Qxa6 Ra8 16. Qe2 Ne5 17. Nb5 Qc8 18. Qc2 Qd7 19. f4 Ng6 20. Nf3 Rfe8 21. Rf2 Bf8
22. Nd2 h6 23. f5 Ne5 24. Nc4 Nxc4 25. Qxc4 Nxe4 26. Rf4 Ng3 27. Kf2 Nxf5 28.
Re1 Nxe3 29. Rxe3 Rxe3 30. Kxe3 Re8+ 31. Kd3 g5 32. Re4 Qf5 33. Nc7 Rxe4 34.
Qxe4 Qc8 35. Nb5 f5 36. Qf3 Qe8 37. Kc4 Kh7 38. Qxf5+ Kg7 39. Nc3 Qe5 40. Qd7+
Kg8 41. Kb5 Qd4 42. Kxb6 Qb4+ 43. Qb5 Qd4 44. Kc6 Qf2 45. Ne4 Qxg2 46. Nxd6 Bxd6
47. Kxd6 Qxh3 48. Qxc5 g4 49. Qc8+ Kg7 50. Qf5 Qh2+ 51. Qe5+ Qxe5+ 52. Kxe5 g3
53. d6 g2 54. d7 g1=Q 55. d8=Q Qe3+ 56. Kf5 Qf3+ 57. Ke6 Qe4+ 58. Kd7 Qxa4+ 59.
Ke6 Qc6+ 60. Ke7 Qb7+ 61. Qd7 Qxd7+ 62. Kxd7 h5 63. Ke6 h4 0-1

[Event "AUTO-ADV-3412"]
[Site "http://www.queenalice.com/game.php?id=1359492"]
[Date "2015.5.14"]
[Round "1"]
[White "TITAN10"]
[Black "Chessdorf"]
[Result "1/2-1/2"]
[WhiteElo "1865"]
[BlackElo "1921"]

1. e4 e6 2. d4 d5 3. exd5 exd5 4. c3 Bd6 5. Bd3 Ne7 6. Bg5 f6 7. Bh4 Nbc6 8. Nf3
Bg4 9. Nbd2 O-O 10. O-O Qd7 11. Qc2 Rae8 12. Rae1 Bf5 13. Bxf5 Nxf5 14. Bg3 Nce7
15. Bxd6 Nxd6 16. b3 Nef5 17. Qd3 a6 18. c4 dxc4 19. bxc4 Qa4 20. Qb3 Qxb3 21.
axb3 Rf7 22. Rxe8+ Nxe8 23. Re1 Re7 24. Rxe7 1/2-1/2

[Event "AUTO-ADV-3354"]
[Site "http://www.queenalice.com/game.php?id=1364042"]
[Date "2015.6.7"]
[Round "2"]
[White "Chessdorf"]
[Black "jova21"]
[Result "0-1"]
[WhiteElo "1915"]
[BlackElo "1947"]

1. d4 d5 2. c4 Nf6 3. cxd5 Nxd5 4. Nc3 e6 5. e4 Bb4 6. exd5 exd5 7. Nf3 O-O 8.
Bd2 Nc6 9. Bd3 Re8+ 10. Be3 Bg4 11. Bxh7+ Kxh7 12. Ng5+ Qxg5 13. Qd3+ Bf5 0-1

[Event "AUTO-ADV-3354"]
[Site "http://www.queenalice.com/game.php?id=1364043"]
[Date "2015.6.7"]
[Round "2"]
[White "jova21"]
[Black "Chessdorf"]
[Result "1-0"]
[WhiteElo "1962"]
[BlackElo "1900"]

1. e4 e6 2. d4 d5 3. Nc3 Bb4 4. Bd2 Ne7 5. e5 c5 6. Nf3 Nbc6 7. Bb5 Bd7 8. O-O
a6 9. Bxc6 bxc6 10. a3 Ba5 11. dxc5 Ng6 12. b4 Bc7 13. Re1 1-0